| 000 | 00897nam a2200289 i 4500 | ||
|---|---|---|---|
| 001 | 7571 | ||
| 003 | ES-MaACL | ||
| 005 | 20250823062240.0 | ||
| 007 | t| | ||
| 008 | 910305s1990 sp a |||| | spa d | ||
| 020 | _a84-206-5236-9 | ||
| 080 | _a7"19"(038) | ||
| 080 | _a46.316.4:7"19" | ||
| 245 | 0 | 0 |
_aGuía del arte del siglo XX / _cdirigida por Harold Osborne ; traducción de Jesús Fernández Zulaica ... [et al.]. |
| 260 |
_aMadrid : _bAlianza, _c1990. |
||
| 300 |
_aVIII, 937 p. ; _c24 cm. |
||
| 490 | 1 | _aAlianza diccionarios | |
| 504 | _aBibliografía: p. 873-937. | ||
| 650 | 4 |
_aArte- _yS.XX- _vDiccionarios. _910139 |
|
| 655 | 0 |
_aDiccionarios _9193753 |
|
| 700 | 1 |
_aOsborne, Harold. _987725 |
|
| 700 | 1 |
_aFernández Zulaica, Jesús. _950198 |
|
| 830 | 0 |
_aAlianza diccionarios _9177801 |
|
| 852 |
_aES-MaACL _jL-14872 _z- enc. cart. |
||
| 942 | _2udc | ||
| 999 |
_c7571 _d7571 |
||